|
|
|
|
| LEADER |
00000cam a2200000 a 4500 |
| 001 |
vtls001107982 |
| 003 |
SK-MaSNL |
| 005 |
20260302024536.0 |
| 008 |
250313s1980 xo a np 000 0 slo |
| 015 |
|
|
|a SNBA1980
|
| 035 |
|
|
|a SNK000050824
|
| 035 |
|
|
|a urn:nbn:sk:snk-aml97r
|
| 035 |
|
|
|a urn:nbn:sk:snk-am008rtb
|
| 035 |
|
|
|a F25A51B3-1D0D-4416-8B66-A3BBAB8CE12A
|
| 040 |
|
|
|a SNK
|b slo
|c SNK
|e AACR2
|
| 041 |
0 |
|
|a slo
|
| 044 |
|
|
|a xo
|c SK
|
| 080 |
|
|
|a 657:338.4(075.8)(076.5)
|2 1981
|
| 080 |
|
|
|a 338.4(075.8)(076.5)
|2 1981
|
| 080 |
|
|
|a 338.4
|2 1981
|
| 080 |
|
|
|a 657(075.8)(076.5)
|2 1981
|
| 100 |
1 |
|
|a Lesáková, Ľubica,
|d 1949-
|4 aut
|9 201408
|
| 245 |
1 |
0 |
|a Ekonomická štatistika
|b praktikum zo štatistiky cestovného ruchu, stravovania a služieb
|c Ľubica Lesáková
|
| 250 |
|
|
|a 1. vyd.
|
| 260 |
|
|
|a Bratislava
|b Vysoká škola ekonomická
|c 1980
|
| 300 |
|
|
|a 155 s.
|b tab.
|c 29 cm
|
| 366 |
|
|
|e 600 výt.
|
| 490 |
1 |
|
|a Vysokoškolské skriptá
|
| 504 |
|
|
|a Bibiogr.
|
| 650 |
0 |
7 |
|a ekonomická štatistika
|2 SNKPH
|9 790
|
| 655 |
|
7 |
|a učebnice vysokých škôl
|2 SNKPH
|9 70191
|
| 655 |
|
7 |
|a praktické cvičenia
|2 SNKPH
|9 70517
|
| 830 |
|
0 |
|a Vysokoškolské skriptá
|9 276440
|
| 852 |
|
|
|a Slovenská národná knižnica
|
| 958 |
|
|
|a OND
|
| 958 |
|
|
|a RM
|
| 958 |
|
|
|a UV
|
| 958 |
|
|
|a NB
|
| 999 |
|
|
|c 1040883
|d 1042813
|
| 952 |
|
|
|a SNK
|b SNK
|y PREZ
|7 0
|p 17A0987037
|o snkSB 29586
|i snkKSP 2395/80
|0 0
|1 0
|4 0
|d 2014-09-29
|f 1
|l 0
|r 2025-04-02 00:00:00
|w 2026-02-24
|
| 952 |
|
|
|a SNK
|b SNK
|y VYP
|7 0
|o snkSB 29586 D1
|i snkKSP 2396/80
|0 0
|1 0
|4 0
|d 2014-09-29
|l 0
|r 2026-02-24 14:23:07
|w 2026-02-24
|